000 00487nam a2200145Ia 4500
003 OSt
005 20260227142517.0
008 211028s2019 xx 000 0 und d
040 _cAIMIT LIBRARY
041 _aeng
100 _aDsouza, Vinisha; James, Justine P.
_g1716222
_98194
245 _aStudy on customer awareness on agricultural credit with special reference to Uppinangady Co-operative Agricultural Society Limited /
260 _aMangalore
_bBalaraju
_c2019
942 _2ddc
_cPRO
999 _c219762
_d219762